[Event "POL-chT U19 2nd League"]
[Site "Borowice"]
[Date "2012.07.26"]
[Round "8"]
[White "Deka, Konrad"]
[Black "Kroczka, Gromoslaw"]
[Result "0-1"]
[WhiteElo "1660"]
[BlackElo "1530"]
[PlyCount "84"]
[EventDate "2012.07.21"]
[EventType "team-swiss"]
[EventRounds "11"]
[EventCountry "POL"]
[SourceTitle "EXT 2014"]
[Source "ChessBase"]
[SourceDate "2013.11.20"]
[SourceVersion "1"]
[SourceVersionDate "2013.11.20"]
[SourceQuality "1"]
[WhiteTeam "Krakow KKSz U19 II"]
[BlackTeam "Bydgoszcz Hetman U19"]
[WhiteTeamCountry "POL"]
[BlackTeamCountry "POL"]

1. e4 c5 2. Nc3 Nc6 3. g3 g6 4. Bg2 Bg7 5. d3 e6 6. Be3 d6 7. Qd2 Bd7 8. f4 Nge7 9. Nge2 Nd4 10. Nd1 Nxe2 11. Qxe2 Nc6 12. c3 Qa5 13. 0-0 0-0 14. g4 f5 15. a3 Qc7 16. Nf2 Rab8 17. Rad1 b5 18. d4 cxd4 19. cxd4 fxe4 20. Nxe4 d5 21. Ng3 Qb6 22. Qd3 Ne7 23. Rc1 b4 24. Rf2 Bb5 25. Qd2 bxa3 26. bxa3 Bc4 27. Bf1 Bxf1 28. Rcxf1 Nc6 29. Rd1 Na5 30. f5 Nc4 31. Qe1 e5 32. Bg5 exd4 33. Qe2 Rbe8 34. Qf3 Qd6 35. f6 Ne5 36. Qf4 Qd7 37. Rxd4 Re6 38. Qd2 Bxf6 39. Rxd5 Bxg5 40. Rxd7 Bxd2 41. Rxf8+ Kxf8 42. Rxa7 Be3+ 0-1

[Event "Liptovsky Mikulas CupT U20"]
[Site "Liptovsky Mikulas"]
[Date "2012.06.26"]
[Round "7.3"]
[White "Terbe, Julianna"]
[Black "Deka, Konrad"]
[Result "1/2-1/2"]
[WhiteElo "1862"]
[BlackElo "1660"]
[PlyCount "65"]
[EventDate "2012.06.22"]
[EventType "team-swiss"]
[EventRounds "9"]
[EventCountry "SVK"]
[SourceTitle "CBM 149 Extra"]
[Source "ChessBase"]
[SourceDate "2012.08.24"]
[SourceVersion "1"]
[SourceVersionDate "2012.08.24"]
[SourceQuality "1"]
[WhiteTeam "Barcza Gedeon"]
[BlackTeam "Krakow CC"]
[WhiteTeamCountry "HUN"]
[BlackTeamCountry "POL"]

1. d4 Nf6 2. Nf3 g6 3. Bf4 Bg7 4. h3 0-0 5. e3 d5 6. Bd3 c5 7. c3 Qb6 8. Qc1 Nc6 9. Nbd2 Re8 10. 0-0 Bd7 11. Bc2 Rac8 12. Re1 e6 13. Nb3 cxd4 14. exd4 a6 15. Nc5 Qa7 16. a4 b6 17. Nxd7 Nxd7 18. Qd2 Na5 19. Qe2 Nc4 20. Bd3 Rc6 21. Qc2 Rec8 22. Nd2 Nxd2 23. Qxd2 Qb7 24. Qe2 Ra8 25. Rec1 Rcc8 26. Be3 Nb8 27. b4 Nc6 28. Rc2 a5 29. b5 Ne7 30. Rac1 Qd7 31. Qf3 Qd6 32. Ra2 Nf5 33. Bf4 1/2-1/2

[Event "Liptovsky Mikulas CupT U20"]
[Site "Liptovsky Mikulas"]
[Date "2012.06.24"]
[Round "4.3"]
[White "Deka, Konrad"]
[Black "Petras, Marian"]
[Result "0-1"]
[WhiteElo "1660"]
[BlackElo "1959"]
[PlyCount "76"]
[EventDate "2012.06.22"]
[EventType "team-swiss"]
[EventRounds "9"]
[EventCountry "SVK"]
[SourceTitle "CBM 149 Extra"]
[Source "ChessBase"]
[SourceDate "2012.08.24"]
[SourceVersion "1"]
[SourceVersionDate "2012.08.24"]
[SourceQuality "1"]
[WhiteTeam "Krakow CC"]
[BlackTeam "Liptov Chess School"]
[WhiteTeamCountry "POL"]
[BlackTeamCountry "SVK"]

1. e4 c5 2. Nc3 g6 3. d3 Bg7 4. Be3 d6 5. Qd2 Nf6 6. Bh6 0-0 7. g3 Nc6 8. Bg2 Be6 9. Bxg7 Kxg7 10. f4 Nd4 11. Nge2 Bd7 12. 0-0 Qb6 13. Rab1 Rac8 14. Kh1 Bc6 15. Nd5 Bxd5 16. exd5 c4 17. c3 Nf5 18. b3 Ne3 19. Rfe1 cxd3 20. Qxd3 Nfg4 21. Qd4+ Qxd4 22. Nxd4 Rxc3 23. h3 Nxg2 24. Kxg2 Ne3+ 25. Kf2 Nxd5 26. Rbd1 Rfc8 27. Re2 a6 28. f5 Rc1 29. Rdd2 Rh1 30. Kg2 Rcc1 31. Nf3 Rhd1 32. fxg6 hxg6 33. Kf2 Rxd2 34. Rxd2 e6 35. Nd4 Kf6 36. Ke2 Rh1 37. h4 Rh2+ 38. Kd3 Nb4+ 0-1

[Event "Liptovsky Mikulas CupT U20"]
[Site "Liptovsky Mikulas"]
[Date "2012.06.24"]
[Round "5.3"]
[White "Deka, Konrad"]
[Black "Tropp, Oliver"]
[Result "1-0"]
[WhiteElo "1660"]
[BlackElo "1927"]
[PlyCount "59"]
[EventDate "2012.06.22"]
[EventType "team-swiss"]
[EventRounds "9"]
[EventCountry "SVK"]
[SourceTitle "CBM 149 Extra"]
[Source "ChessBase"]
[SourceDate "2012.08.24"]
[SourceVersion "1"]
[SourceVersionDate "2012.08.24"]
[SourceQuality "1"]
[WhiteTeam "Krakow CC"]
[BlackTeam "Stara Lubovna"]
[WhiteTeamCountry "POL"]
[BlackTeamCountry "SVK"]

1. e4 e6 2. d4 d5 3. Nc3 Bb4 4. e5 c5 5. a3 Bxc3+ 6. bxc3 Qc7 7. Nf3 Nc6 8. Be2 Nge7 9. 0-0 Bd7 10. Re1 h6 11. Rb1 0-0-0 12. a4 Nf5 13. Ba3 c4 14. Qc1 g5 15. g4 Nfe7 16. Bd6 Qa5 17. Qa3 Ng6 18. Rb5 Qa6 19. Reb1 b6 20. a5 Kb7 21. Qc5 Nb4 22. R5xb4 b5 23. Qc7+ Ka8 24. Nd2 Nf4 25. Bf3 Bc6 26. Qe7 Rde8 27. Qxf7 Reg8 28. Nxc4 dxc4 29. Rxb5 Bxf3 30. Qxg8+ 1-0

[Event "Krakow Four Seasons"]
[Site "Krakow"]
[Date "2012.01.27"]
[Round "4.4"]
[White "Gumularz, Szymon"]
[Black "Deka, Konrad"]
[Result "1/2-1/2"]
[WhiteElo "1520"]
[BlackElo "1664"]
[PlyCount "90"]
[EventDate "2012.01.27"]
[EventType "swiss"]
[EventRounds "5"]
[EventCountry "POL"]
[SourceTitle "EXT 2023"]
[Source "ChessBase"]
[SourceDate "2022.10.05"]
[SourceVersion "1"]
[SourceVersionDate "2022.10.05"]
[SourceQuality "1"]

1. e4 c5 2. Nf3 Nc6 3. d4 cxd4 4. Nxd4 Nf6 5. Nc3 d6 6. Be2 g6 7. 0-0 Bg7 8. Be3 0-0 9. Qd2 Ng4 10. Bxg4 Bxg4 11. f3 Bd7 12. Nb3 Ne5 13. Qe2 b6 14. h3 Rc8 15. Nd2 Be6 16. Rfd1 Qd7 17. f4 Nc4 18. f5 Nxb2 19. fxe6 Qxe6 20. Nd5 Nxd1 21. Rxd1 Rxc2 22. Qa6 Qd7 23. Nf3 Rfc8 24. e5 h6 25. exd6 exd6 26. Bxh6 R8c5 27. Bxg7 Kxg7 28. Qd3 Qa4 29. Re1 Rxg2+ 30. Kxg2 Qxa2+ 31. Re2 Qxd5 32. Qb1 Rc3 33. Rf2 Qc6 34. Qa1 a5 35. Kh2 Kg8 36. Qd1 Qc5 37. Qe1 Qe3 38. Qxe3 Rxe3 39. Ng5 Re7 40. Rd2 Rd7 41. Ne4 Kg7 42. Nxd6 Kf6 43. Ne4+ Ke7 44. Rb2 Rd4 45. Nc3 Rd6 1/2-1/2

[Event "Klementowice op 2nd"]
[Site "Klementowice"]
[Date "2011.08.20"]
[Round "9"]
[White "Deka, Konrad"]
[Black "Wicikowska, Agata"]
[Result "1-0"]
[WhiteElo "1622"]
[BlackElo "1428"]
[PlyCount "77"]
[EventDate "2011.08.14"]
[EventType "swiss"]
[EventRounds "9"]
[EventCountry "POL"]
[SourceTitle "CBM 144 Extra"]
[Source "ChessBase"]
[SourceDate "2011.10.28"]
[SourceVersion "1"]
[SourceVersionDate "2011.10.28"]
[SourceQuality "1"]

1. e4 e5 2. f4 exf4 3. Nf3 d5 4. exd5 Nf6 5. Bc4 Nxd5 6. 0-0 Be7 7. Re1 Be6 8. d4 c6 9. Qd3 0-0 10. c3 Re8 11. Bxd5 Qxd5 12. Bxf4 Na6 13. Nbd2 Bf6 14. Ne4 Be7 15. Ng3 Nc5 16. Qc2 Nd7 17. b3 Nf6 18. Ng5 Bd6 19. Be5 h6 20. c4 Qa5 21. Bxf6 hxg5 22. Be5 Qc7 23. Re3 f6 24. Bxd6 Qxd6 25. Qc3 Bf7 26. Ne4 Qf4 27. Rf1 Qh4 28. Nd6 Rxe3 29. Qxe3 Kf8 30. Re1 Qh5 31. Qe7+ Kg8 32. Qxb7 Rd8 33. Qxc6 a5 34. Qc7 Ra8 35. d5 Qg6 36. Qxf7+ Qxf7 37. Nxf7 Kxf7 38. Kf2 Ra7 39. Ke3 1-0

[Event "Klementowice op 2nd"]
[Site "Klementowice"]
[Date "2011.08.19"]
[Round "5"]
[White "Molenda, Marcin"]
[Black "Deka, Konrad"]
[Result "0-1"]
[WhiteElo "1664"]
[BlackElo "1622"]
[PlyCount "80"]
[EventDate "2011.08.14"]
[EventType "swiss"]
[EventRounds "9"]
[EventCountry "POL"]
[SourceTitle "CBM 144 Extra"]
[Source "ChessBase"]
[SourceDate "2011.10.28"]
[SourceVersion "1"]
[SourceVersionDate "2011.10.28"]
[SourceQuality "1"]

1. e4 c5 2. c3 Nf6 3. e5 Nd5 4. d4 cxd4 5. cxd4 e6 6. Nc3 Nxc3 7. bxc3 d5 8. exd6 Bxd6 9. Nf3 0-0 10. Bd3 Nc6 11. 0-0 Bd7 12. Ng5 h6 13. Ne4 Be7 14. Re1 f5 15. Ng3 Qc7 16. f4 Bd6 17. Ne2 Na5 18. Kh1 Bc6 19. c4 b6 20. Bd2 Nb7 21. Qc1 Rac8 22. a3 Rfd8 23. Bb4 a5 24. Bxd6 Qxd6 25. Qb2 Nc5 26. Bc2 Nd7 27. Rad1 Bb7 28. Bb3 Nf6 29. d5 exd5 30. cxd5 Re8 31. Qd4 Re4 32. Qd3 Rce8 33. a4 Ng4 34. Qb5 Nf2+ 35. Kg1 Nxd1 36. Bxd1 Bxd5 37. Bb3 Bxb3 38. Qxb3+ Qe6 39. Qxe6+ R8xe6 40. Kf2 Rxa4 0-1